000 00365nam a22001337a 4500
020 _a0675201470
082 _a025.490003MAS
100 _aHoward H. Kingsley
245 _aMastering Words Skills:Dictionary,Thesaurus,Vocabulary
260 _aLondon
_bCharles E. Merill Publishing Company
_c1974
300 _a360p,
700 _aEleanor denike Heffner
942 _cBK
999 _c20171
_d20171